000 00881nab a2200253uu 4500
001 13359
003 HDC
007 cr aa aaaau
008 210212p2000 my ||||| |||| 00| 0 eng d
040 _aHDC
100 _aChandrasekharan, N
_eauthor
_914179
245 0 _aPalm Oil Effects on Postprandial Lipid and Prothrombotic Response / by
_cN. Chandrasekharan
260 _aKuala Lumpur :
_bMalaysian Palm Oil Board,
_c2000
300 _a1 online resource (9 pages)
336 _atext
_2rdacontent
337 _acomputer
_2rdamedia
338 _aonline resource
_2rdacarrier
650 _aPalm oil
_9212
650 _aPostprandial Lipid
_914180
856 _zRequest full-text at [email protected]
942 _2lcc
942 _cAR
942 _kJART 003311
999 _c10675
_d10675